000 01181nam a2200289 i 4500
003 EG-GICUC
005 20260427123509.0
008 260427s1985 au ||||fr|||| 00| 0 ara d
040 _a EG-GICUC
_c EG-GICUC
_d EG-GICUC
_erda
082 0 4 _221
_a345.3231
_bع ب . ر
092 0 4 _221
099 _aLaw1 07 345.3231 ع ب . ر 1985
100 0 _aعبد السلام بدوي
_eAuthor.
245 1 2 _aالرقابة على المؤسسات العامة :
_bدراسة تحليلية لوسائل تحقيق الرقابة على القطاع العام ووحداته الإنتاجية /
_cعبد السلام بدوي .
264 1 _aمصر :
_bمكتبة الأنجلو المصرية ؟،
_c[1985] .
300 _a545 صفحة ؛
_c24 سم
336 _2rda content
_atext
337 _2rda media
_aComputer
338 _2rda carrier
_aOnline Resource
546 _aالنص باللغة العربية
650 1 4 _aالمرفق العامة الإدارية
_2qrmak
650 1 4 _aالرقابة على المؤسسات العامة
651 1 _2qrmak
856 4 0 _uhttps://fll.law.cu.edu.eg/fulltext/bks/B07-01143.pdf
905 _a165
942 _2ddc
_cBK
_e21
_n0
999 _c73682
_d73682